| 000 | 00710cam a22002531u 4500 | ||
|---|---|---|---|
| 001 | sa 65009384 | ||
| 003 | DLC | ||
| 005 | 20260227112201.0 | ||
| 008 | 890315s1964 io c 000 0 ind | ||
| 010 | _asa 65009384 | ||
| 035 | _a(OCoLC)23557095 | ||
| 040 |
_aDLC _cMiU _dOAU _dDLC |
||
| 041 | 1 |
_aind _hchi |
|
| 043 | _aa-io--- | ||
| 050 | 0 | 0 |
_aHX389.Z7 _bL525 |
| 100 | 1 |
_aLiu, Shaoqi, _d1898-1969. |
|
| 245 | 1 | 0 | _aTentang perdjuangan intern Partai. |
| 260 |
_aDjakarta : _bJajasan Pembaruan, _c1964. |
||
| 300 |
_a96 p. : _bport. ; _c17 cm. |
||
| 500 | _aTranslated from Chinese. | ||
| 610 | 2 | 0 |
_aZhongguo gong chan dang _xDiscipline. |
| 650 | 0 |
_aCommunism _zChina. |
|
| 987 |
_aPINYIN _bDLC _c20020725 _dc |
||
| 999 |
_c66178 _d66178 |
||